Practice Of Anesthesia / (Record no. 4069)

MARC details
000 -LEADER
fixed length control field 00566pam a2200217 a 4500
020 ## - INTERNATIONAL STANDARD BOOK NUMBER
Terms of availability
040 ## - CATALOGING SOURCE
Original cataloging agency Medical College Lib.
041 ## - LANGUAGE CODE
Language code of text/sound track or separate title ENG
Language code of original ENG
082 ## - DEWEY DECIMAL CLASSIFICATION NUMBER
Classification number 617.96
Item number WYL
100 ## - MAIN ENTRY--PERSONAL NAME
Personal name Wylie, W.D. .
245 ## - TITLE STATEMENT
Title Practice Of Anesthesia /
Statement of responsibility, etc.
Medium Textual Documents
250 ## - EDITION STATEMENT
Edition statement 5th /
Remainder of edition statement .
260 ## - PUBLICATION, DISTRIBUTION, ETC.
Place of publication, distribution, etc. :
Name of publisher, distributor, etc. Lloyd - Luke ,
Date of publication, distribution, etc. 1986.
300 ## - PHYSICAL DESCRIPTION
Extent 820-1632 ;
Dimensions
365 ## - TRADE PRICE
Price type code 1072=50
653 ## - INDEX TERM--UNCONTROLLED
Uncontrolled term Anaesthesiology
-- Medical Science
700 ## - ADDED ENTRY--PERSONAL NAME
Personal name Churchill - Devidson, H.C. .
930 ## - EQUIVALENCE OR CROSS-REFERENCE-UNIFORM TITLE HEADING [LOCAL, CANADA]
Uniform title 4070
Holdings
Withdrawn status Lost status Damaged status Not for loan Home library Current library Date acquired Source of acquisition Total Checkouts Full call number Barcode Date last seen Copy number Price effective from Koha item type
        Medical College, Pune Medical College, Pune 23/10/1991 S. K. KOTHARI   617.96 WYL MCP-1524 06/02/2023 1 06/02/2023 Book